[Event "Mindsports Open 4th"]
[Site "London"]
[Date "2024.07.20"]
[Round "4.21"]
[White "Pal, Rohan"]
[Black "Josse, Mark"]
[Result "1/2-1/2"]
[WhiteElo "2077"]
[BlackElo "2150"]
[PlyCount "29"]
[EventDate "2024.07.18"]
[EventType "swiss"]
[EventRounds "9"]
[EventCountry "ENG"]
[SourceTitle "BritBase"]
[Source "John Saunders"]
[SourceDate "2024.08.27"]
[SourceVersion "1"]
[SourceVersionDate "2024.08.27"]
[SourceQuality "1"]

1. c4 e5 2. g3 c6 3. d4 e4 4. d5 Nf6 5. d6 Qa5+ 6. Nc3 Qc5 7. Bf4 Nh5 8. e3 Nxf4 9. exf4 f5 10. Bh3 g6 11. g4 fxg4 12. Qxg4 Bxd6 13. f5 O-O 14. Nxe4 Qe5 15. O-O-O 1/2-1/2

[Event "Mindsports Open 4th"]
[Site "London"]
[Date "2024.07.20"]
[Round "4.22"]
[White "Buckley, Graeme N"]
[Black "O`Gorman, Alice"]
[Result "1-0"]
[WhiteElo "2311"]
[BlackElo "2003"]
[PlyCount "75"]
[EventDate "2024.07.18"]
[EventType "swiss"]
[EventRounds "9"]
[EventCountry "ENG"]
[SourceTitle "BritBase"]
[Source "John Saunders"]
[SourceDate "2024.08.27"]
[SourceVersion "1"]
[SourceVersionDate "2024.08.27"]
[SourceQuality "1"]

1. e4 c5 2. Nf3 d6 3. Bb5+ Nd7 4. Ba4 Ngf6 5. O-O e6 6. d3 a6 7. c4 Be7 8. Nc3 O-O 9. Qe2 Rb8 10. d4 cxd4 11. Nxd4 Nc5 12. Bc2 e5 13. Nf5 Ne6 14. Be3 g6 15. Nxe7+ Qxe7 16. Rfd1 Bd7 17. Qd2 Rfc8 18. Bb3 Bc6 19. f3 Ne8 20. a3 b5 21. cxb5 axb5 22. Bd5 Qb7 23. b4 Bxd5 24. Nxd5 Rc4 25. Qf2 N6c7 26. Ne7+ Kf8 27. Qh4 Ng7 28. Qxh7 Kxe7 29. Bg5+ Kd7 30. Qxg7 Qb6+ 31. Kh1 Rc2 32. Qxf7+ Kc8 33. Rac1 Rxc1 34. Rxc1 Kb7 35. Qd7 Rc8 36. h3 Kb8 37. Be7 Qe3 38. Qc6 1-0

[Event "Mindsports Open 4th"]
[Site "London"]
[Date "2024.07.20"]
[Round "4.23"]
[White "Sowray, Peter J"]
[Black "Ethelontis, Alexandros N"]
[Result "1-0"]
[WhiteElo "2194"]
[BlackElo "2001"]
[PlyCount "87"]
[EventDate "2024.07.18"]
[EventType "swiss"]
[EventRounds "9"]
[EventCountry "ENG"]
[SourceTitle "BritBase"]
[Source "John Saunders"]
[SourceDate "2024.08.27"]
[SourceVersion "1"]
[SourceVersionDate "2024.08.27"]
[SourceQuality "1"]

1. Nf3 f5 2. c4 Nf6 3. g3 g6 4. Bg2 Bg7 5. O-O d6 6. d4 O-O 7. Nc3 c6 8. d5 e5 9. dxe6 Bxe6 10. b3 Na6 11. Bb2 Qe7 12. Ng5 Rae8 13. Nxe6 Qxe6 14. Qc2 Nc5 15. Rad1 Rd8 16. e3 Rfe8 17. Rd2 Ng4 18. h3 Nf6 19. Rfd1 Nh5 20. b4 Ne4 21. Nxe4 fxe4 22. Bxg7 Kxg7 23. Rd4 Nf6 24. Qd2 d5 25. b5 c5 26. cxd5 Qb6 27. Ra4 Rxd5 28. Qc2 Rxd1+ 29. Qxd1 Rd8 30. Qe2 Re8 {(=)} 31. Qc4 Re5 32. Ra3 h5 33. Qc3 Re7 34. Bf1 Kh7 35. Bc4 Nd7 36. Qc2 Qf6 37. Bd5 Qf5 38. Bxb7 Nf6 39. Rxa7 Kh6 40. b6 Re6 41. Bc8 Qxh3 42. Bxe6 Qxe6 43. b7 Qb6 44. Ra6 1-0

[Event "Mindsports Open 4th"]
[Site "London"]
[Date "2024.07.20"]
[Round "4.24"]
[White "Karas, Eugenia"]
[Black "Adams, Henry"]
[Result "1-0"]
[WhiteElo "2173"]
[BlackElo "2000"]
[PlyCount "77"]
[EventDate "2024.07.18"]
[EventType "swiss"]
[EventRounds "9"]
[EventCountry "ENG"]
[SourceTitle "BritBase"]
[Source "John Saunders"]
[SourceDate "2024.08.27"]
[SourceVersion "1"]
[SourceVersionDate "2024.08.27"]
[SourceQuality "1"]

1. d4 d5 2. c4 e6 3. Nf3 Nf6 4. g3 Be7 5. Bg2 O-O 6. O-O dxc4 7. Qa4 a6 8. Qxc4 b5 9. Qc2 Bb7 10. Bd2 Be4 11. Qc1 c6 12. Be3 Nbd7 13. Nc3 Bg6 14. Nh4 Rc8 15. Nxg6 hxg6 16. Rd1 Nd5 17. Ne4 Qb6 18. Nc5 Rfd8 19. Bxd5 cxd5 20. Nxd7 Rxc1 21. Nxb6 Rc6 22. Bd2 Rxb6 23. Ba5 Rbd6 24. Bxd8 Bxd8 25. Rac1 a5 26. Rc8 f6 27. Rdc1 Kf7 28. a3 e5 29. Rb8 Bb6 30. Rb7+ Ke6 31. dxe5 fxe5 32. Rxg7 Kf6 33. Rb7 d4 34. Rb8 Kf7 35. Rbc8 d3 36. exd3 Rxd3 37. R1c6 Bd8 38. Rb8 Rd5 39. Rb7+ 1-0

[Event "Mindsports Open 4th"]
[Site "London"]
[Date "2024.07.20"]
[Round "4.25"]
[White "Sooraj, M R"]
[Black "Rocco, Federico"]
[Result "1-0"]
[WhiteElo "1999"]
[BlackElo "2146"]
[PlyCount "79"]
[EventDate "2024.07.18"]
[EventType "swiss"]
[EventRounds "9"]
[EventCountry "ENG"]
[SourceTitle "BritBase"]
[Source "John Saunders"]
[SourceDate "2024.08.27"]
[SourceVersion "1"]
[SourceVersionDate "2024.08.27"]
[SourceQuality "1"]

1. e4 c5 2. b3 Nc6 3. Bb2 Nf6 4. Nc3 e6 5. f4 d5 6. e5 Nd7 7. Nf3 Be7 8. Bd3 f5 9. exf6 Nxf6 10. Ne5 O-O 11. Nxc6 bxc6 12. O-O c4 13. Be2 Qc7 14. Qe1 Bd6 15. Qh4 Bd7 16. Rab1 cxb3 17. axb3 Rab8 18. Bd3 Rf7 19. Rbe1 Rb4 20. Ne2 e5 21. Ng3 e4 22. Be2 Be7 23. Nh5 Nxh5 24. Qxh5 Rf5 25. Qh3 Rxf4 26. Qc3 Qb6+ 27. Kh1 Bf6 28. Rxf4 Bxc3 29. Bxc3 g5 30. Rff1 Qc5 31. Bh5 Be6 32. Rf6 d4 33. Bxb4 Qxb4 34. Rxe6 e3 35. Rf1 Qxd2 36. g4 Qxc2 37. Re8+ Kg7 38. Rf7+ Kh6 39. Re6+ Qg6 40. Bxg6 1-0

[Event "Mindsports Open 4th"]
[Site "London"]
[Date "2024.07.20"]
[Round "4.26"]
[White "Shearsby, Jude"]
[Black "Deepak Ambattu, Rithvik"]
[Result "1-0"]
[WhiteElo "2130"]
[BlackElo "1978"]
[PlyCount "77"]
[EventDate "2024.07.18"]
[EventType "swiss"]
[EventRounds "9"]
[EventCountry "ENG"]
[SourceTitle "BritBase"]
[Source "John Saunders"]
[SourceDate "2024.08.27"]
[SourceVersion "1"]
[SourceVersionDate "2024.08.27"]
[SourceQuality "1"]

1. e4 c5 2. Nf3 d6 3. d4 cxd4 4. Nxd4 Nf6 5. Nc3 a6 6. Be3 e5 7. Nb3 Be6 8. f3 h5 9. Qd2 Nbd7 10. Nd5 Bxd5 11. exd5 g6 12. Be2 Bg7 13. O-O O-O 14. Na5 Qc7 15. c4 b6 16. Nc6 Nb8 17. Nb4 a5 18. Nc2 Nbd7 19. Na3 Nc5 20. Rac1 Qd7 21. b3 Rfe8 22. h3 e4 23. f4 Nh7 24. f5 Re5 25. fxg6 fxg6 26. Nb5 Ree8 27. Bf4 Be5 28. Bxe5 Rxe5 29. Qh6 Kh8 30. Nxd6 Re7 31. Qxg6 Rg7 32. Nf7+ Kg8 33. Nh6+ Kh8 34. Qxh5 e3 35. Rf7 Rxf7 36. Nxf7+ Kg8 37. Qg6+ Kf8 38. Qxh7 Ra7 39. Rf1 1-0

[Event "Mindsports Open 4th"]
[Site "London"]
[Date "2024.07.20"]
[Round "4.27"]
[White "Dias, Savin"]
[Black "Britton, Richard L"]
[Result "1-0"]
[WhiteElo "1954"]
[BlackElo "2112"]
[PlyCount "77"]
[EventDate "2024.07.18"]
[EventType "swiss"]
[EventRounds "9"]
[EventCountry "ENG"]
[SourceTitle "BritBase"]
[Source "John Saunders"]
[SourceDate "2024.08.27"]
[SourceVersion "1"]
[SourceVersionDate "2024.08.27"]
[SourceQuality "1"]

1. e4 c5 2. Nf3 d6 3. Bb5+ Bd7 4. Bxd7+ Qxd7 5. c4 Nf6 6. Nc3 g6 7. d4 cxd4 8. Nxd4 Bg7 9. f3 O-O 10. Be3 Nc6 11. Qd2 a6 12. O-O Qc7 13. b3 Nxd4 14. Bxd4 Qa5 15. Rfd1 Rfc8 16. a4 Nd7 17. Nd5 Bxd4+ 18. Qxd4 Re8 19. b4 Qd8 20. Ne3 b6 21. a5 bxa5 22. Rxa5 Ne5 23. Qc3 Nc6 24. Ra4 a5 25. b5 Nb4 26. Qd4 Qc7 27. Rda1 Reb8 28. Kf2 f6 29. h3 Kg7 30. Ke2 Kf8 31. R1a3 Kg7 32. Qa1 Qc5 33. Rxa5 Rxa5 34. Rxa5 Qxe3+ 35. Kxe3 Nc2+ 36. Kd3 Nxa1 37. Rxa1 f5 38. Kd4 Kf6 39. Kd5 1-0

[Event "Mindsports Open 4th"]
[Site "London"]
[Date "2024.07.20"]
[Round "4.28"]
[White "Verma, Shlok"]
[Black "Zhang, Junyi"]
[Result "1-0"]
[WhiteElo "2102"]
[BlackElo "1957"]
[PlyCount "79"]
[EventDate "2024.07.18"]
[EventType "swiss"]
[EventRounds "9"]
[EventCountry "ENG"]
[SourceTitle "BritBase"]
[Source "John Saunders"]
[SourceDate "2024.08.27"]
[SourceVersion "1"]
[SourceVersionDate "2024.08.27"]
[SourceQuality "1"]

1. d4 Nf6 2. c4 e6 3. Nf3 d5 4. e3 dxc4 5. Bxc4 a6 6. O-O b5 7. Bd3 Bb7 8. a4 b4 9. Nbd2 Nbd7 10. b3 c5 11. Bb2 cxd4 12. exd4 Be7 13. Qe2 O-O 14. Nc4 Nd5 15. Qd2 a5 16. Rac1 Nb8 17. Nce5 f6 18. Nc4 Bd6 19. Qc2 h6 20. Rce1 Nf4 21. Be4 Bd5 22. Bc1 f5 23. Bxd5 exd5 24. Nxd6 Qxd6 25. Bxf4 Qxf4 26. Qc5 Rd8 27. Re8+ Rxe8 28. Qxd5+ Kh8 29. Qxa8 Qc7 30. Qd5 Qc3 31. Ne5 Qc2 32. Qf7 Rc8 33. Ng6+ Kh7 34. Ne7 Rd8 35. Qg6+ Kh8 36. Nxf5 Qc7 37. Re1 Nc6 38. h3 Rg8 39. Rc1 Qf4 40. Rxc6 1-0

[Event "Mindsports Open 4th"]
[Site "London"]
[Date "2024.07.20"]
[Round "4.29"]
[White "Brozel, Sacha"]
[Black "Wilks, Simon"]
[Result "1/2-1/2"]
[WhiteElo "2124"]
[BlackElo "2027"]
[PlyCount "74"]
[EventDate "2024.07.18"]
[EventType "swiss"]
[EventRounds "9"]
[EventCountry "ENG"]
[SourceTitle "BritBase"]
[Source "John Saunders"]
[SourceDate "2024.08.27"]
[SourceVersion "1"]
[SourceVersionDate "2024.08.27"]
[SourceQuality "1"]

1. d4 Nf6 2. c4 e6 3. g3 Bb4+ 4. Bd2 a5 5. Bg2 O-O 6. Nf3 d6 7. O-O Bxd2 8. Qxd2 Nbd7 9. Nc3 Qe7 10. Rac1 c6 11. b3 e5 12. e4 Re8 13. Rfe1 Nf8 14. h3 Ng6 15. Rcd1 Qc7 16. Qc1 Nd7 17. Re2 b6 18. Red2 Ngf8 19. Nh4 Nf6 20. c5 bxc5 21. dxc5 dxc5 22. Na4 Ne6 23. Nxc5 Nxc5 24. Qxc5 Nd7 25. Qd6 Qxd6 26. Rxd6 Nf8 27. Rxc6 a4 28. Nf5 Be6 29. Rb6 Nd7 30. Rb5 axb3 31. axb3 Reb8 32. Bf1 Nf6 33. Ne7+ Kf8 34. Nd5 Rxb5 35. Bxb5 Rb8 36. Bc4 Nxe4 37. Ne3 Nc5 1/2-1/2

[Event "Mindsports Open 4th"]
[Site "London"]
[Date "2024.07.20"]
[Round "4.30"]
[White "Patel, Zain"]
[Black "Brackmann, Hendrik"]
[Result "1-0"]
[WhiteElo "1958"]
[BlackElo "2086"]
[PlyCount "77"]
[EventDate "2024.07.18"]
[EventType "swiss"]
[EventRounds "9"]
[EventCountry "ENG"]
[SourceTitle "BritBase"]
[Source "John Saunders"]
[SourceDate "2024.08.27"]
[SourceVersion "1"]
[SourceVersionDate "2024.08.27"]
[SourceQuality "1"]

1. Nf3 Nf6 2. b3 g6 3. g3 Bg7 4. Bb2 c5 5. c4 Nc6 6. Bg2 d6 7. O-O e5 8. d3 O-O 9. Nc3 h6 10. Nd2 Be6 11. e3 d5 12. Rc1 b6 13. e4 d4 14. Nd5 Bxd5 15. cxd5 Nb4 16. Nc4 Nxa2 17. Ra1 Nb4 18. Ba3 Ne8 19. Bxb4 cxb4 20. f4 exf4 21. gxf4 Nc7 22. Qd2 Nb5 23. Qxb4 Nc3 24. Kh1 Qh4 25. Rf3 Rfb8 26. Ne5 g5 27. Raf1 g4 28. Nxg4 Qxg4 29. Rg3 a5 30. Qc4 Qxg3 31. hxg3 Rc8 32. e5 Rxc4 33. dxc4 a4 34. d6 Rd8 35. b4 d3 36. c5 d2 37. c6 Kf8 38. c7 Ke8 39. Bc6+ 1-0

[Event "Mindsports Open 4th"]
[Site "London"]
[Date "2024.07.20"]
[Round "4.31"]
[White "Murawski, Jan"]
[Black "Fellowes, Billy"]
[Result "1-0"]
[WhiteElo "2121"]
[BlackElo "2063"]
[PlyCount "69"]
[EventDate "2024.07.18"]
[EventType "swiss"]
[EventRounds "9"]
[EventCountry "ENG"]
[SourceTitle "BritBase"]
[Source "John Saunders"]
[SourceDate "2024.08.27"]
[SourceVersion "1"]
[SourceVersionDate "2024.08.27"]
[SourceQuality "1"]

1. d4 Nf6 2. c4 e6 3. Nc3 d5 4. Bg5 Be7 5. e3 O-O 6. Nf3 c6 7. cxd5 exd5 8. Bd3 Nbd7 9. O-O h6 10. Bh4 Re8 11. Qc2 Nh5 12. Bxe7 Qxe7 13. Rab1 a5 14. Rfc1 Nhf6 15. a3 Qd6 16. Na4 Ne4 17. Bxe4 Rxe4 18. b4 axb4 19. axb4 Rg4 20. b5 Qf6 21. Kh1 c5 22. Nxc5 Nxc5 23. Qxc5 Bf5 24. Ne5 Rh4 25. Ra1 Rd8 26. Qc7 Rh5 27. Qxb7 Qh4 28. Qxf7+ Kh7 29. Nf3 Qg4 30. Qc7 Rh3 31. Qf4 Qh5 32. Ng5+ Kg8 33. Nxh3 Be4 34. Qg3 Rf8 35. Nf4 1-0

[Event "Mindsports Open 4th"]
[Site "London"]
[Date "2024.07.20"]
[Round "5.2"]
[White "Navrotescu, Andreea"]
[Black "Janik, Igor"]
[Result "0-1"]
[WhiteElo "2246"]
[BlackElo "2511"]
[PlyCount "73"]
[EventDate "2024.07.18"]
[EventType "swiss"]
[EventRounds "9"]
[EventCountry "ENG"]
[SourceTitle "BritBase"]
[Source "John Saunders"]
[SourceDate "2024.08.27"]
[SourceVersion "1"]
[SourceVersionDate "2024.08.27"]
[SourceQuality "1"]

1. d4 d6 2. Nf3 Bg4 3. c4 g6 4. Qb3 Qc8 5. g3 Nc6 6. d5 Nb8 7. Bg2 Nf6 8. h3 Bd7 9. O-O a5 10. Kh2 Na6 11. Nc3 Nc5 12. Qd1 Bg7 13. Nd4 O-O 14. Bg5 h6 15. Be3 Kh7 16. b3 e5 17. dxe6 fxe6 18. Qd2 Rb8 19. Rad1 e5 20. Nf3 b6 21. Nh4 g5 22. Qc2+ Kg8 23. Nd5 Rf7 24. Ng6 Nxd5 25. Bxd5 Be6 26. h4 Bxd5 27. cxd5 Qd8 28. Kg2 Qf6 29. Rh1 e4 30. h5 Re8 31. Qc4 Qf5 32. a3 Rc8 33. Rd2 Nd7 34. Rc2 Kh7 35. Rf1 Nf6 36. f3 b5 37. Qxb5 0-1

[Event "Mindsports Open 4th"]
[Site "London"]
[Date "2024.07.20"]
[Round "5.3"]
[White "Czopor, Maciej"]
[Black "Golding, Alex"]
[Result "1/2-1/2"]
[WhiteElo "2361"]
[BlackElo "2296"]
[PlyCount "37"]
[EventDate "2024.07.18"]
[EventType "swiss"]
[EventRounds "9"]
[EventCountry "ENG"]
[SourceTitle "BritBase"]
[Source "John Saunders"]
[SourceDate "2024.08.27"]
[SourceVersion "1"]
[SourceVersionDate "2024.08.27"]
[SourceQuality "1"]

1. e4 e5 2. Nf3 Nc6 3. Bb5 a6 4. Ba4 Nf6 5. O-O b5 6. Bb3 Be7 7. Re1 O-O 8. a4 Bb7 9. d3 d6 10. Bd2 Nb8 11. Nc3 b4 12. Nd5 Nxd5 13. exd5 a5 14. d4 Nd7 15. c3 bxc3 16. bxc3 Bf6 17. Be3 Re8 18. Rb1 Ba6 19. h3 1/2-1/2

[Event "Mindsports Open 4th"]
[Site "London"]
[Date "2024.07.20"]
[Round "5.5"]
[White "Large, Peter G"]
[Black "Ogunshola, Ben"]
[Result "1-0"]
[WhiteElo "2311"]
[BlackElo "2043"]
[PlyCount "61"]
[EventDate "2024.07.18"]
[EventType "swiss"]
[EventRounds "9"]
[EventCountry "ENG"]
[SourceTitle "BritBase"]
[Source "John Saunders"]
[SourceDate "2024.08.27"]
[SourceVersion "1"]
[SourceVersionDate "2024.08.27"]
[SourceQuality "1"]

1. e4 c5 2. Nc3 d6 3. f4 Nc6 4. Nf3 g6 5. Bc4 Bg7 6. O-O e6 7. d3 Nge7 8. Qe1 h6 9. Kh1 a6 10. a3 b6 11. Ba2 Ra7 12. Bd2 Kf8 13. Qh4 Rd7 14. Rae1 Bb7 15. Qf2 Kg8 16. Bc1 Nd4 17. Nxd4 Bxd4 18. Qh4 Kg7 19. Qh3 d5 20. Nd1 dxe4 21. dxe4 Kh7 22. f5 exf5 23. Bxf7 Kg7 24. Be6 Rd6 25. exf5 Nxf5 26. c3 Bf6 27. Bxf5 gxf5 28. Ne3 Rd3 29. Nxf5+ Kg6 30. Qg4+ Bg5 31. Ne7+ 1-0

[Event "Mindsports Open 4th"]
[Site "London"]
[Date "2024.07.20"]
[Round "5.6"]
[White "Kalavannan, Koby"]
[Black "Cancedda-Dupuis, Livio"]
[Result "1/2-1/2"]
[WhiteElo "2265"]
[BlackElo "2041"]
[PlyCount "115"]
[EventDate "2024.07.18"]
[EventType "swiss"]
[EventRounds "9"]
[EventCountry "ENG"]
[SourceTitle "BritBase"]
[Source "John Saunders"]
[SourceDate "2024.08.27"]
[SourceVersion "1"]
[SourceVersionDate "2024.08.27"]
[SourceQuality "1"]

1. d4 Nf6 2. c4 e6 3. Nf3 d5 4. g3 Bb4+ 5. Bd2 Be7 6. Bg2 O-O 7. Qc2 c6 8. O-O b6 9. cxd5 cxd5 10. Ne5 Bb7 11. Rc1 Bd6 12. f4 Ne4 13. Nc3 Nxc3 14. Bxc3 Nd7 15. Qa4 Nf6 16. Bb4 Qe7 17. a3 Ne4 18. Bxe4 dxe4 19. e3 Bd5 20. Bxd6 Qxd6 21. Qb4 Qxb4 22. axb4 Rfc8 23. b5 f6 24. Nc6 Bxc6 25. bxc6 a5 26. Ra3 Kf7 27. Rb3 Rab8 28. f5 exf5 29. Rb5 g6 30. d5 Ke7 31. Kf2 Kd6 32. Ke2 Kc7 33. Kd2 Rd8 34. Kc3 Rd6 35. Kc4 Re8 36. Ra1 Ra8 37. Ra4 Rdd8 38. Kb3 Rd6 39. Rd4 Re8 40. Kc4 Re5 41. Rd1 Re8 42. Rb3 Red8 43. Rd4 h5 44. Ra3 Ra8 45. Kb5 Re8 46. Kc4 Re5 47. b4 b5+ 48. Kxb5 Rexd5+ 49. Rxd5 Rxd5+ 50. Kc4 axb4 51. Ra7+ Kxc6 52. Ra6+ Kb7 53. Rxf6 Rd3 54. Kxb4 Rxe3 55. Rxg6 Rd3 56. Kc4 Rd2 57. Rg5 Rxh2 58. Kd4 1/2-1/2

[Event "Mindsports Open 4th"]
[Site "London"]
[Date "2024.07.20"]
[Round "5.7"]
[White "Balaji, Aaravamudhan"]
[Black "Banerjee, Supratit"]
[Result "1-0"]
[WhiteElo "2316"]
[BlackElo "2161"]
[PlyCount "83"]
[EventDate "2024.07.18"]
[EventType "swiss"]
[EventRounds "9"]
[EventCountry "ENG"]
[SourceTitle "BritBase"]
[Source "John Saunders"]
[SourceDate "2024.08.27"]
[SourceVersion "1"]
[SourceVersionDate "2024.08.27"]
[SourceQuality "1"]

1. d4 d5 2. c4 e6 3. Nc3 Be7 4. cxd5 exd5 5. Bf4 c6 6. e3 Nf6 7. Bd3 O-O 8. h3 Nbd7 9. Nf3 Re8 10. O-O Nf8 11. Ne5 Bd6 12. Bg3 Ng6 13. f4 Nf8 14. Qf3 Ne6 15. Kh1 Bb8 16. Bh4 Bd6 17. g4 Nf8 18. g5 Ne4 19. Nxe4 dxe4 20. Bxe4 Ng6 21. Bf2 Qe7 22. h4 c5 23. h5 Nf8 24. Rg1 g6 25. h6 a5 26. Bd5 Bxe5 27. dxe5 Be6 28. e4 Rad8 29. Be1 b6 30. Rd1 Rd7 31. a4 Red8 32. b3 Rc8 33. Kh2 Rdd8 34. Bc3 c4 35. bxc4 Bxd5 36. cxd5 Qa3 37. Rd3 Qxa4 38. f5 Qc2+ 39. Rg2 Qc1 40. e6 fxe6 41. fxe6 Rc7 42. Qf6 1-0

[Event "Mindsports Open 4th"]
[Site "London"]
[Date "2024.07.20"]
[Round "5.8"]
[White "Villiers, Thomas"]
[Black "Johnson, Daniel"]
[Result "0-1"]
[WhiteElo "2229"]
[BlackElo "2126"]
[PlyCount "124"]
[EventDate "2024.07.18"]
[EventType "swiss"]
[EventRounds "9"]
[EventCountry "ENG"]
[SourceTitle "BritBase"]
[Source "John Saunders"]
[SourceDate "2024.08.27"]
[SourceVersion "1"]
[SourceVersionDate "2024.08.27"]
[SourceQuality "1"]

1. e4 e5 2. Nf3 Nc6 3. Bb5 a6 4. Ba4 Nf6 5. O-O b5 6. Bb3 Bc5 7. a4 Rb8 8. Nxe5 Nxe5 9. d4 Bxd4 10. Qxd4 d6 11. f4 Nc6 12. Qd2 Ne7 13. e5 Ne4 14. Qe1 Nc5 15. Nd2 O-O 16. exd6 cxd6 17. axb5 axb5 18. c3 Re8 19. Qd1 Nf5 20. Nf3 Qb6 21. Kh1 Bb7 22. Bd5 Ne4 23. Bxb7 Rxb7 24. Nd4 Nxd4 25. Qxd4 Qxd4 26. cxd4 f5 27. Kg1 Rc8 28. Be3 Rc2 29. Rab1 b4 30. Rfd1 d5 31. Rd3 b3 32. Kf1 Kf7 33. Rdd1 Rb4 34. Rdc1 Rbc4 35. Rxc2 Rxc2 36. Bc1 Nd2+ 37. Bxd2 Rxd2 38. Ra1 Rxb2 39. Ra7+ Kg6 40. Rb7 Kh5 41. h3 g5 42. Rxh7+ Kg6 43. Rb7 gxf4 44. Kg1 Kg5 45. Rg7+ Kf6 46. Rb7 f3 47. gxf3 Kg5 48. Kf1 Kf4 49. Ke1 Ke3 50. Re7+ Kxd4 51. Kd1 Rf2 52. Kc1 Rxf3 53. h4 Rh3 54. Rb7 f4 55. Kb2 f3 56. Rf7 Ke4 57. h5 Rxh5 58. Kxb3 Rf5 59. Re7+ Kd3 60. Re1 f2 61. Ra1 f1=Q 62. Ra3 Kd4 0-1

[Event "Mindsports Open 4th"]
[Site "London"]
[Date "2024.07.20"]
[Round "5.9"]
[White "Willmoth, Robert F"]
[Black "Rudd, Jack"]
[Result "0-1"]
[WhiteElo "2115"]
[BlackElo "2243"]
[PlyCount "36"]
[EventDate "2024.07.18"]
[EventType "swiss"]
[EventRounds "9"]
[EventCountry "ENG"]
[SourceTitle "BritBase"]
[Source "John Saunders"]
[SourceDate "2024.08.27"]
[SourceVersion "1"]
[SourceVersionDate "2024.08.27"]
[SourceQuality "1"]

1. Nf3 Nf6 2. e3 c5 3. b3 g6 4. Bb2 Bg7 5. g3 b6 6. Bg2 Bb7 7. O-O O-O 8. c4 Nc6 9. Qe2 d5 10. cxd5 Nb4 11. d3 Qxd5 12. Ne1 Qd7 13. Bxb7 Qxb7 14. d4 cxd4 15. Bxd4 Rac8 16. a3 Nc6 17. Bc3 Na5 18. Qb2 Rxc3 0-1

[Event "Mindsports Open 4th"]
[Site "London"]
[Date "2024.07.20"]
[Round "5.10"]
[White "Badacsonyi, Stanley"]
[Black "Dignam, Matthew"]
[Result "1/2-1/2"]
[WhiteElo "2178"]
[BlackElo "2104"]
[PlyCount "71"]
[EventDate "2024.07.18"]
[EventType "swiss"]
[EventRounds "9"]
[EventCountry "ENG"]
[SourceTitle "BritBase"]
[Source "John Saunders"]
[SourceDate "2024.08.27"]
[SourceVersion "1"]
[SourceVersionDate "2024.08.27"]
[SourceQuality "1"]

1. d4 Nf6 2. Nc3 d6 3. e4 c6 4. f3 e5 5. Be3 Nbd7 6. Qd2 Qa5 7. Nh3 d5 8. exd5 Nxd5 9. Nxd5 Qxd5 10. Nf2 exd4 11. Qxd4 Nf6 12. Bc4 Qxd4 13. Bxd4 Be7 14. O-O-O O-O 15. Rhe1 Re8 16. Nd3 Bf5 17. g4 Bxd3 18. Bxd3 Nd5 19. Be4 Nf6 20. Bf5 Nd5 21. Kb1 Bf6 22. Rxe8+ Rxe8 23. Bxa7 Re2 24. h3 Ne3 25. Bxe3 Rxe3 26. Be4 Bh4 27. a4 Re1 28. Rxe1 Bxe1 29. c3 Kf8 30. Kc2 g6 31. b4 Ke7 32. Kb3 Kd6 33. c4 b6 34. c5+ bxc5 35. b5 cxb5 36. axb5 1/2-1/2

[Event "Mindsports Open 4th"]
[Site "London"]
[Date "2024.07.20"]
[Round "5.11"]
[White "Hill, Alistair"]
[Black "Sowray, Peter J"]
[Result "0-1"]
[WhiteElo "2101"]
[BlackElo "2194"]
[PlyCount "90"]
[EventDate "2024.07.18"]
[EventType "swiss"]
[EventRounds "9"]
[EventCountry "ENG"]
[SourceTitle "BritBase"]
[Source "John Saunders"]
[SourceDate "2024.08.27"]
[SourceVersion "1"]
[SourceVersionDate "2024.08.27"]
[SourceQuality "1"]

1. d4 Nf6 2. c4 g6 3. Nc3 Bg7 4. e4 d6 5. Nf3 O-O 6. Be2 e5 7. O-O Nbd7 8. Qc2 Qe7 9. d5 c5 10. a3 Kh8 11. b4 Ng8 12. Ne1 f5 13. Nd3 b6 14. f3 Bh6 15. Rb1 Bxc1 16. Qxc1 f4 17. a4 Ndf6 18. a5 h5 19. Ra1 Bd7 20. Nb5 Bxb5 21. cxb5 Rab8 22. axb6 axb6 23. bxc5 bxc5 24. Nb2 Nd7 25. Qc3 Nb6 26. Ra6 Nf6 27. Rfa1 Rb7 28. Nc4 Nxc4 29. Bxc4 Rfb8 30. Qa5 Nd7 31. Ra7 Qe8 32. Bf1 Nb6 33. Qc3 Qc8 34. g3 g5 35. gxf4 gxf4 36. Qe1 Qd8 37. Kh1 Rxa7 38. Rxa7 Qg5 39. Bh3 Nc4 40. Ra1 Ne3 41. Qf2 c4 42. Bf5 c3 43. Rg1 Qf6 44. Rg6 Qxg6 45. Bxg6 c2 0-1

[Event "Mindsports Open 4th"]
[Site "London"]
[Date "2024.07.20"]
[Round "5.12"]
[White "Sim, Jia Ru"]
[Black "Buckley, Graeme N"]
[Result "1/2-1/2"]
[WhiteElo "2077"]
[BlackElo "2311"]
[PlyCount "174"]
[EventDate "2024.07.18"]
[EventType "swiss"]
[EventRounds "9"]
[EventCountry "ENG"]
[SourceTitle "BritBase"]
[Source "John Saunders"]
[SourceDate "2024.08.27"]
[SourceVersion "1"]
[SourceVersionDate "2024.08.27"]
[SourceQuality "1"]

1. e4 c5 2. Nf3 Nc6 3. Bb5 g6 4. c3 Nf6 5. e5 Nd5 6. O-O Bg7 7. d4 cxd4 8. cxd4 O-O 9. Nc3 Nxc3 10. bxc3 d6 11. exd6 Qxd6 12. a4 a6 13. Bd3 Bg4 14. h3 Bxf3 15. Qxf3 Rfd8 16. Ba3 Qd7 17. Bc4 e5 18. d5 Na5 19. Ba2 Rac8 20. Qe4 b5 21. axb5 axb5 22. Rfd1 Nc4 23. Bb4 f5 24. Qh4 Nd6 25. Bb3 Ra8 26. Qg5 Kf7 27. Qe3 Qc7 28. g3 h5 29. Bc5 Rdc8 30. Bxd6 Qxd6 31. Ra7+ Rxa7 32. Qxa7+ Kg8 33. Ra1 Rxc3 34. Ra6 Qf8 35. Ba2 Kh7 36. Qb6 Qe8 37. Ra7 Kh6 38. Qb7 Qf8 39. d6 Rd3 40. d7 e4 41. Qc8 e3 42. Qxf8 Bxf8 43. fxe3 Bc5 44. Rb7 Bxe3+ 45. Kf1 Bg5 46. h4 Bd8 47. Be6 Rd6 48. Rb8 Bc7 49. Rc8 Ba5 50. Re8 Kg7 51. Ra8 Kf6 52. Rxa5 Kxe6 53. Rxb5 {(=)} Rxd7 54. Kf2 Rd5 55. Rb6+ Rd6 56. Rb5 Kf6 57. Rb8 Ke5 58. Rb5+ Ke4 59. Rb2 Rd4 60. Re2+ Kd5 61. Kf3 Rg4 62. Ra2 Ke6 63. Ra6+ Kf7 64. Ra7+ Kf6 65. Ra6+ Kg7 66. Ra7+ Kh6 67. Rf7 Ra4 68. Ke3 Ra8 69. Kf4 Ra3 70. Re7 Ra1 71. Rf7 Rh1 72. Ke5 {(=)} Rf1 73. Rf6 Rf3 74. Rf7 Rxg3 75. Kf6 Ra3 76. Rf8 Ra6+ 77. Kf7 Kh7 78. Ke7 Ra4 79. Kf6 Rxh4 80. Rf7+ Kh6 81. Rf8 Kh7 82. Rf7+ Kg8 83. Rb7 Ra4 84. Kxg6 Kf8 85. Kxh5 Rg4 86. Rb5 Ke7 87. Rxf5 Rg7 1/2-1/2